{"text_format":"3","workbook":"xlsx","n_sheets":1,"sheets":["t219"],"read":"whole","date_system":"1900"}

{"sheet":"t219","index":0,"n_rows":204,"n_cols":7,"rows_kept":204,"merged":[[0,0,0,6],[30,0,30,5],[47,0,47,5],[149,0,149,5]]}
["TABELA 219.1 - Estatísticas Agrícolas, Município de Iacri, Estado de São Paulo, 2007/08."]
["ITEM","UNIDADE","N.DE UPAs","MÍNIMO","MÉDIO","MÁXIMO","TOTAL"]
["Distância à sede do município","km",542,{"v":0,"d":"0.0"},11.4,{"v":36,"d":"36.0"},"-"]
["Área total","hectare",542,0.1,{"v":59.31,"d":"59.3"},{"v":1898.1,"d":"1,898.1"},{"v":32145.6,"d":"32,145.6"}]
["Área com cultura perene","hectare",100,0.3,{"v":9.95,"d":"10.0"},142.3,995.3]
["Área com cultura temporária","hectare",214,0.1,{"v":50.86,"d":"50.9"},{"v":1412,"d":"1,412.0"},{"v":10884.6,"d":"10,884.6"}]
["Área com pastagem","hectare",420,0.5,42.1,917.2,{"v":17683.1,"d":"17,683.1"}]
["Área com reflorestamento","hectare",49,0.3,{"v":4.82,"d":"4.8"},24.2,236.2]
["Área com vegetação natural","hectare",123,0.1,{"v":7.27,"d":"7.3"},145.2,894.1]
["Área com vegetação de brejo e várzea","hectare",119,0.2,{"v":5.84,"d":"5.8"},{"v":55,"d":"55.0"},694.5]
["Área em descanso","hectare",22,0.7,6.7,50.2,147.4]
["Área complementar","hectare",396,0.1,{"v":1.54,"d":"1.5"},54.6,610.4]
["Área das UPAs com (0, 1] ha","hectare",15,0.1,{"v":0.65,"d":"0.7"},{"v":1,"d":"1.0"},9.8]
["Área das UPAs com (1, 2] ha","hectare",8,1.5,{"v":1.85,"d":"1.9"},{"v":2,"d":"2.0"},14.8]
["Área das UPAs com (2, 5] ha","hectare",45,2.4,{"v":3.82,"d":"3.8"},{"v":5,"d":"5.0"},171.7]
["Área das UPAs com (5, 10] ha","hectare",61,5.8,{"v":8.02,"d":"8.0"},{"v":10,"d":"10.0"},{"v":489,"d":"489.0"}]
["Área das UPAs com (10, 20] ha","hectare",123,10.9,{"v":14.45,"d":"14.5"},19.4,{"v":1777,"d":"1,777.0"}]
["Área das UPAs com (20, 50] ha","hectare",155,20.2,{"v":31.71,"d":"31.7"},49.5,{"v":4915.2,"d":"4,915.2"}]
["Área das UPAs com (50, 100] ha","hectare",55,50.8,{"v":74.07,"d":"74.1"},99.2,{"v":4073.8,"d":"4,073.8"}]
["Área das UPAs com (100, 200] ha","hectare",44,101.6,{"v":138.49,"d":"138.5"},198.4,{"v":6093.4,"d":"6,093.4"}]
["Área das UPAs com (200, 500] ha","hectare",30,217.8,302.9,474.3,{"v":9087.1,"d":"9,087.1"}]
["Área das UPAs com (500, 1.000] ha","hectare",5,605.4,{"v":723.14,"d":"723.1"},{"v":968,"d":"968.0"},{"v":3615.7,"d":"3,615.7"}]
["Área das UPAs com (1.000, 2.000] ha","hectare",1,{"v":1898.1,"d":"1,898.1"},{"v":1898.1,"d":"1,898.1"},{"v":1898.1,"d":"1,898.1"},{"v":1898.1,"d":"1,898.1"}]
["Área das UPAs com (2.000, 5.000] ha","hectare","-","-","-","-","-"]
["Área das UPAs com (5.000, 10.000] ha","hectare","-","-","-","-","-"]
["Área das UPAs acima de 10.000 ha","hectare","-","-","-","-","-"]
["Familiares do proprietário que trabalham na UPA","unidade",354,{"v":1,"d":"1.0"},{"v":1.86,"d":"1.9"},{"v":9,"d":"9.0"},{"v":660,"d":"660.0"}]
["Trabalhadores permanentes","unidade",130,{"v":1,"d":"1.0"},{"v":3.05,"d":"3.1"},{"v":46,"d":"46.0"},{"v":396,"d":"396.0"}]
["Fonte: Secretaria de Agricultura e Abastecimento, CDRS/IEA, Projeto LUPA."]
[]
["TABELA 219.2 - Explorações Animais, Município de Iacri, Estado de São Paulo, 2007/08."]
["ITEM","UNIDADE","N.DE UPAs","MÍNIMO","MÉDIO","MÁXIMO","TOTAL"]
["Apicultura","colmeias",2,{"v":4,"d":"4.0"},{"v":8,"d":"8.0"},{"v":12,"d":"12.0"},{"v":16,"d":"16.0"}]
["Asininos E Muares","cabeças",5,{"v":1,"d":"1.0"},2.6,{"v":6,"d":"6.0"},{"v":13,"d":"13.0"}]
["Avicultura Ornamental/Decorativa/Exótica","cabeças",1,{"v":45,"d":"45.0"},{"v":45,"d":"45.0"},{"v":45,"d":"45.0"},{"v":45,"d":"45.0"}]
["Avicultura para Ovos","cabeças",14,{"v":7000,"d":"7,000.0"},{"v":85014.29,"d":"85,014.3"},{"v":320000,"d":"320,000.0"},{"v":1190200,"d":"1,190,200.0"}]
["Bovinocultura de Corte","cabeças",181,{"v":3,"d":"3.0"},{"v":114.13,"d":"114.1"},{"v":992,"d":"992.0"},{"v":20658,"d":"20,658.0"}]
["Bovinocultura Leiteira","cabeças",42,{"v":2,"d":"2.0"},28.1,{"v":300,"d":"300.0"},{"v":1180,"d":"1,180.0"}]
["Bovinocultura Mista","cabeças",86,{"v":1,"d":"1.0"},{"v":37.09,"d":"37.1"},{"v":200,"d":"200.0"},{"v":3190,"d":"3,190.0"}]
["Caprinocultura","cabeças",8,{"v":2,"d":"2.0"},{"v":39.63,"d":"39.6"},{"v":120,"d":"120.0"},{"v":317,"d":"317.0"}]
["Codornicultura","cabeças",12,{"v":7900,"d":"7,900.0"},{"v":40075,"d":"40,075.0"},{"v":120000,"d":"120,000.0"},{"v":480900,"d":"480,900.0"}]
["Equinocultura","cabeças",158,{"v":1,"d":"1.0"},{"v":3.09,"d":"3.1"},{"v":32,"d":"32.0"},{"v":488,"d":"488.0"}]
["Ovinocultura","cabeças",18,{"v":5,"d":"5.0"},{"v":32.17,"d":"32.2"},{"v":100,"d":"100.0"},{"v":579,"d":"579.0"}]
["Piscicultura","m² tanques",3,{"v":2210,"d":"2,210.0"},{"v":9536.67,"d":"9,536.7"},{"v":16400,"d":"16,400.0"},{"v":28610,"d":"28,610.0"}]
["Suinocultura","cabeças",9,{"v":7,"d":"7.0"},{"v":78.44,"d":"78.4"},{"v":380,"d":"380.0"},{"v":706,"d":"706.0"}]
["Fonte: Secretaria de Agricultura e Abastecimento, CDRS/IEA, Projeto LUPA."]
[]
["TABELA 219.3 -  Máquinas, Implementos e Benfeitorias, Município de Iacri, Estado de São Paulo, 2007/08."]
["ITEM","UNIDADE","N.DE UPAs","MÍNIMO","MÉDIO","MÁXIMO","TOTAL"]
["Arado Comum (Bacia, Aiveca)","Unidade",104,{"v":1,"d":"1.0"},{"v":1.54,"d":"1.5"},{"v":6,"d":"6.0"},{"v":160,"d":"160.0"}]
["Arado Escarificador","Unidade",3,{"v":1,"d":"1.0"},{"v":1.33,"d":"1.3"},{"v":2,"d":"2.0"},{"v":4,"d":"4.0"}]
["Arado Subsolador","Unidade",9,{"v":1,"d":"1.0"},{"v":1,"d":"1.0"},{"v":1,"d":"1.0"},{"v":9,"d":"9.0"}]
["Batedeira de Cereais","Unidade",6,{"v":1,"d":"1.0"},{"v":1.83,"d":"1.8"},{"v":4,"d":"4.0"},{"v":11,"d":"11.0"}]
["Colhedeira Acoplada","Unidade",8,{"v":1,"d":"1.0"},{"v":2,"d":"2.0"},{"v":4,"d":"4.0"},{"v":16,"d":"16.0"}]
["Colhedeira Automotriz","Unidade",3,{"v":1,"d":"1.0"},{"v":1,"d":"1.0"},{"v":1,"d":"1.0"},{"v":3,"d":"3.0"}]
["Computador","Unidade",15,{"v":1,"d":"1.0"},1.4,{"v":3,"d":"3.0"},{"v":21,"d":"21.0"}]
["Conj.Irrigação Convencional","Unidade",17,{"v":1,"d":"1.0"},{"v":1.06,"d":"1.1"},{"v":2,"d":"2.0"},{"v":18,"d":"18.0"}]
["Conj.Irrigação/Gotejamento/Microaspersão","Unidade",4,{"v":1,"d":"1.0"},{"v":1,"d":"1.0"},{"v":1,"d":"1.0"},{"v":4,"d":"4.0"}]
["Conjunto de Fenação","Unidade",1,{"v":1,"d":"1.0"},{"v":1,"d":"1.0"},{"v":1,"d":"1.0"},{"v":1,"d":"1.0"}]
["Desintegrador de Palha (Plantio Direto)","Unidade",2,{"v":1,"d":"1.0"},{"v":1,"d":"1.0"},{"v":1,"d":"1.0"},{"v":2,"d":"2.0"}]
["Desintegrador, Picador, Triturador","Unidade",95,{"v":1,"d":"1.0"},{"v":1.16,"d":"1.2"},{"v":3,"d":"3.0"},{"v":110,"d":"110.0"}]
["Distribuidor de Calcário","Unidade",35,{"v":1,"d":"1.0"},1.2,{"v":2,"d":"2.0"},{"v":42,"d":"42.0"}]
["Ensiladeira","Unidade",5,{"v":1,"d":"1.0"},1.2,{"v":2,"d":"2.0"},{"v":6,"d":"6.0"}]
["Grade Aradora (Tipo Romi)","Unidade",46,{"v":1,"d":"1.0"},{"v":1.15,"d":"1.2"},{"v":4,"d":"4.0"},{"v":53,"d":"53.0"}]
["Grade Niveladora","Unidade",75,{"v":1,"d":"1.0"},1.2,{"v":3,"d":"3.0"},{"v":90,"d":"90.0"}]
["Implementos para Tração Animal","Unidade",5,{"v":1,"d":"1.0"},1.2,{"v":2,"d":"2.0"},{"v":6,"d":"6.0"}]
["Microtrator","Unidade",1,{"v":1,"d":"1.0"},{"v":1,"d":"1.0"},{"v":1,"d":"1.0"},{"v":1,"d":"1.0"}]
["Misturador de Ração","Unidade",10,{"v":1,"d":"1.0"},{"v":1,"d":"1.0"},{"v":1,"d":"1.0"},{"v":10,"d":"10.0"}]
["Ordenhadeira Mecânica","Unidade",3,{"v":1,"d":"1.0"},{"v":1,"d":"1.0"},{"v":1,"d":"1.0"},{"v":3,"d":"3.0"}]
["Pulverizador Tratorizado","Unidade",87,{"v":1,"d":"1.0"},{"v":1.39,"d":"1.4"},{"v":5,"d":"5.0"},{"v":121,"d":"121.0"}]
["Resfriador de Leite, Tanque Expansão","Unidade",6,{"v":1,"d":"1.0"},{"v":1,"d":"1.0"},{"v":1,"d":"1.0"},{"v":6,"d":"6.0"}]
["Semeadeira/Adubadeira para Plantio Convencional","Unidade",27,{"v":1,"d":"1.0"},{"v":1.26,"d":"1.3"},{"v":3,"d":"3.0"},{"v":34,"d":"34.0"}]
["Semeadeira/Plantadeira Plantio Direto","Unidade",10,{"v":1,"d":"1.0"},1.3,{"v":2,"d":"2.0"},{"v":13,"d":"13.0"}]
["Terraceador","Unidade",5,{"v":1,"d":"1.0"},{"v":1,"d":"1.0"},{"v":1,"d":"1.0"},{"v":5,"d":"5.0"}]
["Trator de Pneus","Unidade",128,{"v":1,"d":"1.0"},{"v":1.77,"d":"1.8"},{"v":9,"d":"9.0"},{"v":227,"d":"227.0"}]
["Açude/Represa","Unidade",147,{"v":1,"d":"1.0"},{"v":2,"d":"2.0"},{"v":20,"d":"20.0"},{"v":294,"d":"294.0"}]
["Almoxarifado/Oficina","Unidade",18,{"v":1,"d":"1.0"},{"v":1.28,"d":"1.3"},{"v":4,"d":"4.0"},{"v":23,"d":"23.0"}]
["Armazém para Grãos Ensacados","Sacas",25,{"v":1,"d":"1.0"},{"v":6586.96,"d":"6,587.0"},{"v":50000,"d":"50,000.0"},{"v":164674,"d":"164,674.0"}]
["Balança para Bovinos","Unidade",5,{"v":1,"d":"1.0"},{"v":1,"d":"1.0"},{"v":1,"d":"1.0"},{"v":5,"d":"5.0"}]
["Balança para Veículos","Unidade",3,{"v":1,"d":"1.0"},{"v":1,"d":"1.0"},{"v":1,"d":"1.0"},{"v":3,"d":"3.0"}]
["Barracão para Bicho da Seda/Sirgaria","Unidade",1,{"v":3,"d":"3.0"},{"v":3,"d":"3.0"},{"v":3,"d":"3.0"},{"v":3,"d":"3.0"}]
["Barracão para Cultivo de Cogumelo","Unidade",1,{"v":7,"d":"7.0"},{"v":7,"d":"7.0"},{"v":7,"d":"7.0"},{"v":7,"d":"7.0"}]
["Barracão para Granja/Avicultura","Unidade",24,{"v":1,"d":"1.0"},{"v":21.75,"d":"21.8"},{"v":105,"d":"105.0"},{"v":522,"d":"522.0"}]
["Barracão/Galpão/Garagem","Unidade",158,{"v":1,"d":"1.0"},{"v":1.26,"d":"1.3"},{"v":5,"d":"5.0"},{"v":199,"d":"199.0"}]
["Casa de Moradia Habitada","Unidade",266,{"v":1,"d":"1.0"},{"v":1.56,"d":"1.6"},{"v":23,"d":"23.0"},{"v":414,"d":"414.0"}]
["Casa de Moradia Total","Unidade",369,{"v":1,"d":"1.0"},{"v":1.98,"d":"2.0"},{"v":28,"d":"28.0"},{"v":729,"d":"729.0"}]
["Curral/Mangueira","Unidade",244,{"v":1,"d":"1.0"},{"v":1.06,"d":"1.1"},{"v":3,"d":"3.0"},{"v":259,"d":"259.0"}]
["Depósito/Tulha","Unidade",245,{"v":1,"d":"1.0"},{"v":1.18,"d":"1.2"},{"v":7,"d":"7.0"},{"v":288,"d":"288.0"}]
["Estufa/Plasticultura","m²",1,{"v":980,"d":"980.0"},{"v":980,"d":"980.0"},{"v":980,"d":"980.0"},{"v":980,"d":"980.0"}]
["Fábrica de Ração","Unidade",10,{"v":1,"d":"1.0"},{"v":1,"d":"1.0"},{"v":1,"d":"1.0"},{"v":10,"d":"10.0"}]
["Instalações para Equinos","Unidade",1,{"v":1,"d":"1.0"},{"v":1,"d":"1.0"},{"v":1,"d":"1.0"},{"v":1,"d":"1.0"}]
["Máquina de Benefício","Unidade",2,{"v":1,"d":"1.0"},{"v":1,"d":"1.0"},{"v":1,"d":"1.0"},{"v":2,"d":"2.0"}]
["Pocilga","Unidade",8,{"v":1,"d":"1.0"},{"v":1.25,"d":"1.3"},{"v":2,"d":"2.0"},{"v":10,"d":"10.0"}]
["Poço Semi-Artesiano","Unidade",114,{"v":1,"d":"1.0"},{"v":1.07,"d":"1.1"},{"v":3,"d":"3.0"},{"v":122,"d":"122.0"}]
["Secador de Grãos","Unidade",4,{"v":1,"d":"1.0"},{"v":2,"d":"2.0"},{"v":4,"d":"4.0"},{"v":8,"d":"8.0"}]
["Silo para Grãos","t",5,{"v":1,"d":"1.0"},320.8,{"v":1200,"d":"1,200.0"},{"v":1604,"d":"1,604.0"}]
["Silo para Silagem","t",4,{"v":1,"d":"1.0"},{"v":132.75,"d":"132.8"},{"v":400,"d":"400.0"},{"v":531,"d":"531.0"}]
["Terreiro","m²",73,{"v":1,"d":"1.0"},{"v":478.25,"d":"478.3"},{"v":3100,"d":"3,100.0"},{"v":34912,"d":"34,912.0"}]
["Fonte: Secretaria de Agricultura e Abastecimento, CDRS/IEA, Projeto LUPA."]
[]
["TABELA 219.4 - Outras Estatísticas Agrícolas, Município de Iacri, Estado de São Paulo, 2007/08."]
["ITEM","Número de UPAs",null,"Percentual"]
["Faz Parte de Associação de Produtores",115,null,{"v":21.21771217712177,"d":"21.2"}]
["Faz Parte de Cooperativa de Produtores",341,null,{"v":62.91512915129151,"d":"62.9"}]
["Faz Parte do Sindicato de Produtores",154,null,{"v":28.413284132841326,"d":"28.4"}]
["Não utiliza assistência técnica ",116,null,{"v":21.40221402214022,"d":"21.4"}]
["Utiliza somente assistência técnica governamental ",134,null,{"v":24.723247232472325,"d":"24.7"}]
["Utiliza somente assistência técnica privada ",98,null,{"v":18.081180811808117,"d":"18.1"}]
["Utiliza assistência técnica tanto governamental quanto privada",194,null,{"v":35.79335793357934,"d":"35.8"}]
["Utiliza Crédito Rural",73,null,{"v":13.468634686346864,"d":"13.5"}]
["Utiliza Seguro Rural",22,null,{"v":4.059040590405904,"d":"4.1"}]
["Utiliza Escrituração Agrícola",383,null,{"v":70.66420664206642,"d":"70.7"}]
["Acessa Internet p/ Fins na Agropecuária",29,null,{"v":5.350553505535055,"d":"5.4"}]
["Utiliza Computador nas Atividades Agropecuárias",35,null,{"v":6.4575645756457565,"d":"6.5"}]
["Utiliza Energia Elétrica Para Uso na Atividade Agrícola",387,null,{"v":71.40221402214023,"d":"71.4"}]
["Realiza Análise de Solo, quando necessário",251,null,{"v":46.309963099631,"d":"46.3"}]
["Utiliza Práticas de Conservação de Solo, quando necessário",431,null,{"v":79.52029520295203,"d":"79.5"}]
["Faz Adubação Mineral, quando necessário",252,null,{"v":46.494464944649444,"d":"46.5"}]
["Faz Adubação Orgânica, quando necessário",250,null,{"v":46.125461254612546,"d":"46.1"}]
["Faz Adubação Verde, quando necessário",17,null,{"v":3.1365313653136533,"d":"3.1"}]
["Utiliza Manejo Integrado de Pragas (MIP)",1,null,{"v":0.18450184501845018,"d":"0.2"}]
["Utiliza Hidroponia","-",null,"-"]
["Utiliza Plasticultura",3,null,{"v":0.5535055350553505,"d":"0.6"}]
["Utiliza Mudas Fiscalizadas",51,null,{"v":9.409594095940959,"d":"9.4"}]
["Utiliza Semente Melhorada",84,null,{"v":15.498154981549815,"d":"15.5"}]
["Faz Confinamento de Bovinos",6,null,{"v":1.107011070110701,"d":"1.1"}]
["Utiliza Pastejo Intensivo",94,null,{"v":17.343173431734318,"d":"17.3"}]
["Faz Inseminação Artificial",5,null,{"v":0.922509225092251,"d":"0.9"}]
["Faz Mineralização do Rebanho",289,null,{"v":53.321033210332104,"d":"53.3"}]
["Faz Vermifugação do Rebanho",283,null,{"v":52.2140221402214,"d":"52.2"}]
["Possui Parceiros /Arrendatários na Exploração Animal",111,null,{"v":20.47970479704797,"d":"20.5"}]
["Esporte e lazer",1,null,{"v":0.18450184501845018,"d":"0.2"}]
["Extração mineral","-",null,"-"]
["Hotel Fazenda, Pousada ou SPA","-",null,"-"]
["Pesque-pague",2,null,{"v":0.36900369003690037,"d":"0.4"}]
["Restaurante ou Lanchonete","-",null,"-"]
["Transformação artesanal","-",null,"-"]
["Turismo rural ou ecoturismo","-",null,"-"]
["Outras atividades econômicas rurais",4,null,{"v":0.7380073800738007,"d":"0.7"}]
["Agroindústria",1,null,{"v":0.18450184501845018,"d":"0.2"}]
["Proprietário sem instrução ou com instrução incompleta",42,null,{"v":7.7490774907749085,"d":"7.7"}]
["Proprietário com antigo primário completo",185,null,{"v":34.132841328413285,"d":"34.1"}]
["Proprietário com 1° grau (ou antigo ginasial) completo",99,null,{"v":18.26568265682657,"d":"18.3"}]
["Proprietário com 2° grau (ou antigo colegial) completo",84,null,{"v":15.498154981549815,"d":"15.5"}]
["Proprietário com curso superior completo ",127,null,{"v":23.43173431734317,"d":"23.4"}]
["Pessoa Jurídica",5,null,{"v":0.922509225092251,"d":"0.9"}]
["Proprietário residente na própria UPA ",92,null,{"v":16.974169741697416,"d":"17.0"}]
["Fonte: Secretaria de Agricultura e Abastecimento, CDRS/IEA, Projeto LUPA."]
[]
["TABELA 219.5 - Área Cultivada, Município de Iacri, Estado de São Paulo, 2007/08."]
["CULTURA","N.DE UPAs","MÍNIMO","MÉDIO","MÁXIMO","TOTAL"]
["Braquiaria",419,0.5,41.7,917.2,{"v":17474,"d":"17,474.0"}]
["Cana-de-acucar",109,0.1,{"v":73.13,"d":"73.1"},{"v":1400,"d":"1,400.0"},{"v":7970.9,"d":"7,970.9"}]
["Amendoim",27,1.2,{"v":51.72,"d":"51.7"},284.2,{"v":1396.4,"d":"1,396.4"}]
["Milho",48,0.4,18.2,{"v":121,"d":"121.0"},873.8]
["Mandioca",28,0.5,{"v":16.45,"d":"16.5"},48.5,460.6]
["Cafe",61,0.2,{"v":6.97,"d":"7.0"},72.6,425.1]
["Seringueira",17,2.4,{"v":19.65,"d":"19.7"},{"v":100,"d":"100.0"},334.1]
["Eucalipto",48,0.3,4.9,24.2,{"v":235,"d":"235.0"}]
["Abacate",3,{"v":2,"d":"2.0"},{"v":56.17,"d":"56.2"},142.3,168.5]
["Coloniao",1,163.3,163.3,163.3,163.3]
["Melancia",3,9.7,{"v":19.13,"d":"19.1"},33.2,57.4]
["Abobora (ou jerimum)",7,0.5,{"v":7.79,"d":"7.8"},15.8,54.5]
["Maracuja",27,0.3,{"v":1.32,"d":"1.3"},4.8,35.7]
["Sorgo-forrageiro",1,19.5,19.5,19.5,19.5]
["Gramas",1,16.9,16.9,16.9,16.9]
["Mamao",3,1.2,{"v":5.23,"d":"5.2"},9.7,15.7]
["Amora (ou amora-branca)",2,2.8,{"v":6.25,"d":"6.3"},9.7,12.5]
["Feijao",4,1.2,{"v":3.08,"d":"3.1"},7.3,12.3]
["Bambu",2,1.4,5.8,10.2,11.6]
["Tangerina",8,0.2,1.4,2.4,11.2]
["Capim-napier (ou capim-elefante)",5,0.2,{"v":1.88,"d":"1.9"},2.4,9.4]
["Manga",6,{"v":1,"d":"1.0"},{"v":1.53,"d":"1.5"},2.6,9.2]
["Laranja",6,0.2,{"v":1.28,"d":"1.3"},2.4,7.7]
["Pomar domestico",8,0.2,0.9,1.2,7.2]
["Pupunha",2,{"v":2,"d":"2.0"},{"v":2.45,"d":"2.5"},2.9,4.9]
["Banana",5,0.2,{"v":0.96,"d":"1.0"},2.4,4.8]
["Outras culturas temporárias",2,1.2,2.4,3.6,4.8]
["Milho Safrinha",1,4.8,4.8,4.8,4.8]
["Repolho",1,2.4,2.4,2.4,2.4]
["Pimentao",1,2.4,2.4,2.4,2.4]
["Goiaba",2,0.3,{"v":0.75,"d":"0.8"},1.2,1.5]
["Pinus",1,1.2,1.2,1.2,1.2]
["Berinjela",1,1.2,1.2,1.2,1.2]
["Pimenta",1,1.2,1.2,1.2,1.2]
["Quiabo",1,{"v":1,"d":"1.0"},{"v":1,"d":"1.0"},{"v":1,"d":"1.0"},{"v":1,"d":"1.0"}]
["Caqui",1,0.9,0.9,0.9,0.9]
["Palmito",1,0.7,0.7,0.7,0.7]
["Arroz",1,0.5,0.5,0.5,0.5]
["Cebola",1,0.5,0.5,0.5,0.5]
["Horta domestica",1,0.5,0.5,0.5,0.5]
["Feijao-de-corda",1,0.5,0.5,0.5,0.5]
["Batata-doce",1,0.5,0.5,0.5,0.5]
["Feijao-vagem (ou vagem, ou feijao-verde)",1,0.5,0.5,0.5,0.5]
["Fruta-do-conde (ou pinha, ou anona)",1,0.4,0.4,0.4,0.4]
["Tomate envarado",1,0.4,0.4,0.4,0.4]
["Maxixe (ou pepino-das-antilhas)",1,0.3,0.3,0.3,0.3]
["Pessego",1,0.2,0.2,0.2,0.2]
["Viveiro de seringueira",1,0.1,0.1,0.1,0.1]
["Figo (ou figo-da-europa)",1,0.1,0.1,0.1,0.1]
["Outros viveiros",1,0.1,0.1,0.1,0.1]
["Viveiro de cafe",1,0.1,0.1,0.1,0.1]
["Viveiro de frutiferas em geral",1,0.1,0.1,0.1,0.1]
["Fonte: Secretaria de Agricultura e Abastecimento, CDRS/IEA, Projeto LUPA."]